000 00639nam a22002057a 4500
005 20161111165027.0
010 _aENG-116530
020 _a9788125058779
_c795.00
035 _aEN-100062
037 _bDBAD/PUB
082 _a338.954
245 _aDevelopment,decentralisation and democracy /
_cedited by Ash Narain Roy [and] George Mathew
260 _aNew Delhi
_bOrient Black Swan
_c2015
270 _a1/24 Asf Ali Road
_bNew Delhi
_e110002
300 _axii,364p.
_c22cm (Hb)
500 _aincludes index.
700 _aRoy,Ash Narain
_9916
700 _a Mathew,George
_9917
942 _2ddc
_cEN
_mDEV
_h338.954
999 _c104598
_d104598